00000000nam##2200000za#4500
0019.535508
003CaOODSP
00520200327080816
007ta
008150406|2001||||xxc|||||     f|0| 0 eng|d
020 |a0-660-61674-2
040 |aCaOODSP|beng
041 |aeng
041 |afre
043 |an-cn---
0861 |aBT31-4/28-2001
1101 |aCanada. |bTreasury Board.
24510|aCanadian International Trade Tribunal
260 |aOttawa - Ontario : |bTreasury Board of Canada Secretariat |c2001.
300 |aEnglish text, 12p. : |btables ; |c28 cm.
4901 |aPerformance report for the period ending March 31, 2001
546 |aBilingual
563 |aSoftcover
590 |a01-46|b2001-11-16
69007|aEstimates|2gcpds
69007|aCourts|2gcpds
69007|aInternational trade|2gcpds
7760#|tCanadian International Trade Tribunal, performance report for the period ending March 31, 2001 |w(CaOODSP)9.569154
7760#|tTribunal canadien du commerce extérieur, rapport sur le rendement pour la période se terminant le 31 mars 2001 |w(CaOODSP)9.600393
792 |tTribunal canadien du commerce extérieur |efre|w(CaOODSP)9.535509
830#0|aPerformance report for the period ending March 31, 2001.|w(CaOODSP)9.508980